书目信息 |
| 题名: |
洪水与饥荒
|
|
| 作者: | 穆盛博 著 ;亓民帅, , 林炫羽, 译 | |
| 分册: | ||
| 出版信息: | 北京 九州出版社 2021.03 |
|
| 页数: | 375页 | |
| 开本: | 21cm | |
| 丛书名: | ||
| 单 册: | ||
| 中图分类: | K265.220.7 , k260.7 | |
| 科图分类: | ||
| 主题词: | 花园口决堤事件--hua yuan kou jue di shi jian--研究 , 中国历史--zhong guo li shi--研究--1938-1950 | |
| 电子资源: | ||
| ISBN: | 978-7-5108-9288-2 | |
| 000 | 01469nam0 2200325 450 | |
| 001 | 29861 | |
| 005 | 20221116171723.82 | |
| 010 | @a978-7-5108-9288-2@b精装@dCNY68.00 | |
| 100 | @a20210301d2021 em y0chiy50 ea | |
| 101 | 1 | @achi@ceng |
| 102 | @aCN@b110000 | |
| 105 | @ay a 000yy | |
| 200 | 1 | @a洪水与饥荒@Ahong shui yu ji huang@e1938年至1950年河南黄泛区的战争与生态@f(美) 穆盛博著@g亓民帅, 林炫羽译 |
| 210 | @a北京@c九州出版社@d2021.03 | |
| 215 | @a375页@d21cm | |
| 312 | @a原文题名取自版权页 | |
| 314 | @a穆盛博, 研究方向为近代中国环境史。亓民帅, 现为泰山学院历史学院讲师。林炫羽, 历史学博士。 | |
| 320 | @a有书目 (第339-368页) | |
| 330 | @a本书内容包括: 军事化的河流: 1938年黄河水灾及其后果 ; 逃生故事: 难民迁移与生态适应 ; 军队的新陈代谢与1942-1943年的河南饥荒 ; 对抗洪流: 水力不稳定与生态耗竭等。 | |
| 500 | 10 | @aEcology of war in China : Henan province, the yellow river and beyond, 1938-1950@mChinese |
| 517 | 1 | @a1938年至1950年河南黄泛区的战争与生态@A1938 nian zhi 1950 nian he nan huang fan qu de zhan zheng yu sheng tai |
| 606 | 0 | @a花园口决堤事件@Ahua yuan kou jue di shi jian@x研究 |
| 606 | 0 | @a中国历史@Azhong guo li shi@x研究@z1938-1950 |
| 690 | @aK265.220.7@v5 | |
| 690 | @ak260.7@v5 | |
| 701 | 1 | @a穆盛博@Amu sheng bo@g(Muscolino, Micah S.),@f1977-@4著 |
| 702 | 0 | @a亓民帅,@Aqi min shuai@f1988-@4译 |
| 702 | 0 | @a林炫羽,@Alin xuan yu@f1989-@4译 |
| 801 | 0 | @aCN@c20220910 |
| 905 | @a河南城建学院图书馆@dK265.220.7@eM980@f2 | |
| 洪水与饥荒:1938年至1950年河南黄泛区的战争与生态/(美) 穆盛博著/亓民帅, 林炫羽译.-北京:九州出版社,2021.03 |
| 375页;21cm |
| ISBN 978-7-5108-9288-2(精装):CNY68.00 |
| 本书内容包括: 军事化的河流: 1938年黄河水灾及其后果 ; 逃生故事: 难民迁移与生态适应 ; 军队的新陈代谢与1942-1943年的河南饥荒 ; 对抗洪流: 水力不稳定与生态耗竭等。 |
| ● |
| 相关链接 |
|
|
|
正题名:洪水与饥荒
索取号:K265.220.7/M980
 
预约/预借
| 序号 | 登录号 | 条形码 | 馆藏地/架位号 | 状态 | 备注 |
| 1 | 1583907 | 215839074 | 社科库309/309社科库 36排6列5层/ [索取号:K265.220.7/M980] | 在馆 | |
| 2 | 1583908 | 215839083 | 社科库309/309社科库 36排6列5层/ [索取号:K265.220.7/M980] | 在馆 |